Auditoría energética en lácteos San Sebastián
En el presente documento se plantean los pasos que se deben de seguir al realizar una auditoría energética de tercer nivel. La evaluación se centró en el análisis de los mayores consumidores de energía eléctrica, para ello se tomó como base de análisis los registros de facturación de energ...
| Main Author: | |
|---|---|
| Other Authors: | |
| Format: | Tesis Section = Libro |
| Language: | Undetermined Spanish |
| Published: |
Managua
UNI
2011
|
| Subjects: |
| LEADER | 01197nam a2200253Ia 4500 | ||
|---|---|---|---|
| 008 | 240830s9999 xx 000 0 und d | ||
| 040 | |a BIBLIOTECA-RUPAP Mon 621.3 H557 | ||
| 041 | |a spa | ||
| 082 | |a Mon 621.3 H557 | ||
| 100 | 1 | |a Hernández Martínez, Luis Manuel | |
| 245 | 1 | 0 | |a Auditoría energética en lácteos San Sebastián |
| 260 | |a Managua |b UNI |c 2011 | ||
| 300 | |a 132 p. :il. | ||
| 500 | |a Contiene: anexos y CD. | ||
| 502 | |a Tesis (Ingeniero Mecánico)- UNI, 2011. | ||
| 520 | 3 | |a En el presente documento se plantean los pasos que se deben de seguir al realizar una auditoría energética de tercer nivel. La evaluación se centró en el análisis de los mayores consumidores de energía eléctrica, para ello se tomó como base de análisis los registros de facturación de energía eléctrica, mediciones puntuales, producción, horas y condiciones de operación. | |
| 650 | 7 | |a INGENIERÍA ELÉCTRICA - AUDITORIA ENERGETICA | |
| 650 | 7 | |b ANÁLISIS DE CONSUMO - ENERGÍA | |
| 650 | 7 | |c AHORRO ENERGÉTICO | |
| 650 | 7 | |d MANEJO - RECURSOS ENERGÉTICOS | |
| 700 | 1 | |a Tutor: |b Pérez Escobar, Edmundo José | |
| 942 | |c BK |2 ddc | ||
| 991 | |a TESIS | ||
| 999 | |c 15720 | ||